000
00312nam a22001337a 4500
008
230418b ||||| |||| 00| 0 eng d
041
_a
eng
080
_2
1911 EDITION
_a
721
082
_a
721COM
100
_a
20
101
_a
NDERTIM
245
_a
GARAGES AND MOTOR BOAT HOUSES
_c
COMSTOCK.T.W
942
_2
udc
_c
BK
999
_c
59583
_d
59583